书目信息 |
| 题名: |
流域水生态环境质量监测与评价案例研究
|
|
| 作者: | 王业耀 主编 | |
| 分册: | ||
| 出版信息: | 北京 科学出版社 2018.09 |
|
| 页数: | 269页 | |
| 开本: | 24cm | |
| 丛书名: | ||
| 单 册: | ||
| 中图分类: | X832 , X143 | |
| 科图分类: | ||
| 主题词: | 区域水环境--qu yu shui huan jing--环境监测--案例--中国 , 区域水环境--qu yu shui huan jing--环境质量评价--案例--中国 | |
| 电子资源: | ||
| ISBN: | 978-7-03-058916-3 | |
| 000 | 01264nam0 2200277 450 | |
| 001 | 0100010143 | |
| 005 | 20190905093951.0 | |
| 010 | @a978-7-03-058916-3@dCNY128.00 | |
| 100 | @a20190831d2018 em y0chiy50 ea | |
| 101 | 0 | @achi |
| 102 | @aCN@b110000 | |
| 105 | @aak z 000yy | |
| 106 | @ar | |
| 200 | 1 | @a流域水生态环境质量监测与评价案例研究@Aliu yu shui sheng tai huan jing zhi liang jian ce yu ping jia an li yan jiu@f王业耀主编 |
| 210 | @a北京@c科学出版社@d2018.09 | |
| 215 | @a269页@c图@d24cm | |
| 312 | @a英文题名取自封面 | |
| 330 | @a本书总结了国外流域水生态环境质量监测与评价的研究进展, 提出了我国流域水生态环境质量监测与评价方法体系, 并以辽河、太湖以及松花江流域为典型案例示范研究。书中除理论方法的阐述, 还列举多个实际研究案例, 力求使读者不但对目前流域水生态监测与评价研究的理论知识有较全面的掌握, 而且可以将书中的知识应用在实际的环境监测工作中。 | |
| 510 | 1 | @aMonitoring and assessment of aquatic environmental quality in typical watershed@zeng |
| 606 | 0 | @a区域水环境@Aqu yu shui huan jing@x环境监测@x案例@y中国 |
| 606 | 0 | @a区域水环境@Aqu yu shui huan jing@x环境质量评价@x案例@y中国 |
| 690 | @aX832@v5 | |
| 690 | @aX143@v5 | |
| 701 | 0 | @a王业耀@Awang ye yao@4主编 |
| 801 | 0 | @aCN@c20190905 |
| 905 | @a河南城建学院图书馆@dX832@eW418 | |
| 流域水生态环境质量监测与评价案例研究/王业耀主编.-北京:科学出版社,2018.09 |
| 269页:图;24cm |
| ISBN 978-7-03-058916-3:CNY128.00 |
| 本书总结了国外流域水生态环境质量监测与评价的研究进展, 提出了我国流域水生态环境质量监测与评价方法体系, 并以辽河、太湖以及松花江流域为典型案例示范研究。书中除理论方法的阐述, 还列举多个实际研究案例, 力求使读者不但对目前流域水生态监测与评价研究的理论知识有较全面的掌握, 而且可以将书中的知识应用在实际的环境监测工作中。 |
| ● |
| 相关链接 |
|
|
|
正题名:流域水生态环境质量监测与评价案例研究
索取号:X832/W418
 
预约/预借
| 序号 | 登录号 | 条形码 | 馆藏地/架位号 | 状态 | 备注 |
| 1 | 1437638 | 214376389 | 自科库501/501自科库 117排1列3层/ [索取号:X832/W418] | 在馆 |